<?xml version="1.0" encoding="UTF-8"?>
<record
    xmlns:xsi="http://www.w3.org/2001/XMLSchema-instance"
    xsi:schemaLocation="http://www.loc.gov/MARC21/slim http://www.loc.gov/standards/marcxml/schema/MARC21slim.xsd"
    xmlns="http://www.loc.gov/MARC21/slim">

  <leader>06571    a2200493   4500</leader>
  <controlfield tag="003">Nust</controlfield>
  <controlfield tag="005">20170207164425.0</controlfield>
  <datafield tag="020" ind1=" " ind2=" ">
    <subfield code="a">9780123854780</subfield>
  </datafield>
  <datafield tag="020" ind1=" " ind2=" ">
    <subfield code="a">9780123854780</subfield>
  </datafield>
  <datafield tag="035" ind1=" " ind2=" ">
    <subfield code="a">(AU-PeEL)EBL685391</subfield>
  </datafield>
  <datafield tag="035" ind1=" " ind2=" ">
    <subfield code="a">(EBZ)ebs969566e</subfield>
  </datafield>
  <datafield tag="035" ind1=" " ind2=" ">
    <subfield code="a">(EBZ)ebs969566e</subfield>
  </datafield>
  <datafield tag="035" ind1=" " ind2=" ">
    <subfield code="a">(OCoLC)719321898</subfield>
  </datafield>
  <datafield tag="035" ind1=" " ind2=" ">
    <subfield code="a">(WaSeSS)ssj0000521933</subfield>
  </datafield>
  <datafield tag="035" ind1=" " ind2=" ">
    <subfield code="a">(WaSeSS)ssj0000521933</subfield>
  </datafield>
  <datafield tag="040" ind1=" " ind2=" ">
    <subfield code="c">Nust</subfield>
  </datafield>
  <datafield tag="082" ind1="0" ind2="0">
    <subfield code="a">621.39/16</subfield>
  </datafield>
  <datafield tag="100" ind1="1" ind2=" ">
    <subfield code="a">Yiu, Joseph.</subfield>
  </datafield>
  <datafield tag="245" ind1="1" ind2="4">
    <subfield code="a">The Definitive Guide to the ARM Cortex M0(E BOOK)</subfield>
    <subfield code="h">[Elektronisk resurs].</subfield>
  </datafield>
  <datafield tag="260" ind1=" " ind2=" ">
    <subfield code="a">Burlington :</subfield>
    <subfield code="b">Elsevier,</subfield>
    <subfield code="c">2011.</subfield>
  </datafield>
  <datafield tag="300" ind1=" " ind2=" ">
    <subfield code="a">1 online resource (553 p.)</subfield>
  </datafield>
  <datafield tag="500" ind1=" " ind2=" ">
    <subfield code="a">Description based upon print version of record.</subfield>
  </datafield>
  <datafield tag="505" ind1="0" ind2=" ">
    <subfield code="a">Advantages of the Cortex-M0 ProcessorLow-Power Applications; Cortex-M0 Software Portability; Chapter 3 Architecture; Overview; Programmer's Model; Memory System Overview; Stack Memory Operations; Exceptions and Interrupts; Nested Vectored Interrupt Controller (NVIC); System Control Block (SCB); Program Image and Startup Sequence; Chapter 4 Introduction to Cortex-M0 Programming; Introduction to Embedded System Programming; Inputs and Outputs; Development Flow; C Programming and Assembly Programming; What Is in a Program Image?; C Programming: Data Types; Accessing Peripherals in C</subfield>
  </datafield>
  <datafield tag="505" ind1="0" ind2=" ">
    <subfield code="a">Chapter 10 Operating System Support FeaturesOverview of the OS Support Features; The SysTick Timer; SysTick Registers; Process Stack and Process Stack Pointer; SVC; PendSV; Chapter 11 Low-Power Features; Low-Power Embedded System Overview; Low-Power Advantages of the Cortex-M0 Processor; Overview of the Low-Power Features; Sleep Modes; Wait-for-Event (WFE) and Wait-for-Interrupt (WFI); Sleep-on-Exit Feature; Wakeup Interrupt Controller; Chapter 12 Fault Handling; Fault Exception Overview; Analyze a Fault; Accidental Switching to ARM State; Error Handling in Real Applications; Lockup</subfield>
  </datafield>
  <datafield tag="505" ind1="0" ind2=" ">
    <subfield code="a">Cortex Microcontroller Software Interface Standard (CMSIS)Benefits of CMSIS; Chapter 5 Instruction Set; Background of ARM and Thumb Instruction Set; Assembly Basics; Pseudo Instructions; Chapter 6 Instruction Usage Examples; Overview; Program Control; Data Accesses; Data Type Conversion; Data Processing; Chapter 7 Memory System; Overview; Memory Map; Program Memory, Boot Loader, and Memory Remapping; Data Memory; Little Endian and Big Endian Support; Memory Attributes; Chapter 8 Exceptions and Interrupts; What Are Exceptions and Interrupts?; Exception Types on the Cortex-M0 Processor</subfield>
  </datafield>
  <datafield tag="505" ind1="0" ind2=" ">
    <subfield code="a">Exception Priority DefinitionVector Table; Exception Sequence Overview; EXC_RETURN; Details of Exception Entry Sequence; Details of Exception Exit Sequence; Chapter 9 Interrupt Control and System Control; Overview of the NVIC and System Control Block Features; Interrupt Enable and Clear Enable; Interrupt Pending and Clear Pending; Interrupt Priority Level; Generic Assembly Code for Interrupt Control; Exception Masking Register (PRIMASK); Interrupt Inputs and Pending Behavior; Interrupt Latency; Control Registers for System Exceptions; System Control Registers</subfield>
  </datafield>
  <datafield tag="505" ind1="0" ind2=" ">
    <subfield code="a">Front Cover; The Definitive Guide to the ARM Cortex-M0; Copyright; Contents; Foreword; Preface; Acknowledgments; Conventions; Terms and Abbreviations; Chapter 1 Introduction; Why Cortex-M0?; Application of the Cortex-M0 Processors; Background of ARM and ARM processors; Cortex-M0 Processor Specification and ARM Architecture; ARM Processors and the ARM Ecosystem; Getting Started with the Cortex-M0 Processor; Organization of This Book and Resources; Chapter 2 Cortex-M0 Technical Overview; General Information on the Cortex-M0 Processor; The ARM Cortex-M0 Processor Features</subfield>
  </datafield>
  <datafield tag="505" ind1="0" ind2=" ">
    <subfield code="a">Preventing Lockup</subfield>
  </datafield>
  <datafield tag="520" ind1=" " ind2=" ">
    <subfield code="a"> * Provides engineers with a thorough understanding of how the architecture works by giving detailed information on the processor architecture, including programmer's model instruction set and interrupt handling   * Many examples of programming the Cortex-M0, in both C language and assembly language, gives engineers the 'up-and-running' they are looking for, quickly   * Information on the software development flow including examples from various development tools for optimum efficiency   * Information regarding software porting from other processor architectures including other ARM processors </subfield>
  </datafield>
  <datafield tag="650" ind1=" " ind2="4">
    <subfield code="a">Embedded computer systems.</subfield>
  </datafield>
  <datafield tag="650" ind1=" " ind2="4">
    <subfield code="a">Microprocessors.</subfield>
  </datafield>
  <datafield tag="655" ind1=" " ind2="0">
    <subfield code="a">Electronic books.</subfield>
  </datafield>
  <datafield tag="856" ind1="4" ind2="0">
    <subfield code="u">http://ezproxy.its.uu.se/login?url=http://app.knovel.com/web/toc.v/cid:kpDGARMCM1</subfield>
  </datafield>
  <datafield tag="856" ind1="4" ind2="0">
    <subfield code="u">http://link.sub.su.se/sfxsub?url_ver=Z39.88-2004&amp;ctx_ver=Z39.88-2004&amp;ctx_enc=info:ofi/enc:UTF-8&amp;rfr_id=info:sid/sfxit.com:opac_856&amp;url_ctx_fmt=info:ofi/fmt:kev:mtx:ctx&amp;sfx.ignore_date_threshold=1&amp;rft.object_id=2560000000072773&amp;svc_val_fmt=info:ofi/fmt:kev:mtx:sch_svc&amp;</subfield>
  </datafield>
  <datafield tag="856" ind1="4" ind2="0">
    <subfield code="u">http://proxy.lib.chalmers.se/login?url=http://app.knovel.com/web/toc.v/cid:kpDGARMCM1</subfield>
  </datafield>
  <datafield tag="856" ind1="4" ind2="0">
    <subfield code="u">http://proxy.lib.chalmers.se/login?url=http://library.books24x7.com/library.asp?^B&amp;bookid=41886</subfield>
  </datafield>
  <datafield tag="856" ind1="4" ind2="0">
    <subfield code="u">http://proxy.lib.chalmers.se/login?url=http://www.sciencedirect.com/science/book/9780123854773</subfield>
  </datafield>
  <datafield tag="856" ind1="4" ind2="0">
    <subfield code="u">http://proxy.lib.ltu.se/login?url=http://www.engineeringvillage.com/controller/servlet/Controller</subfield>
  </datafield>
  <datafield tag="856" ind1="4" ind2="0">
    <subfield code="u">http://sfxeu05.hosted.exlibrisgroup.com/46LUB?url_ver=Z39.88-2004&amp;ctx_ver=Z39.88-2004&amp;ctx_enc=info:ofi/enc:UTF-8&amp;rfr_id=info:sid/sfxit.com:opac_856&amp;url_ctx_fmt=info:ofi/fmt:kev:mtx:ctx&amp;sfx.ignore_date_threshold=1&amp;rft.object_id=2560000000072773&amp;svc_val_fmt=info:ofi/fmt:kev:mtx:sch_svc&amp;</subfield>
  </datafield>
  <datafield tag="856" ind1="4" ind2="0">
    <subfield code="u">http://sfxeu10.hosted.exlibrisgroup.com/sfxjon/?url_ver=Z39.88-2004&amp;ctx_ver=Z39.88-2004&amp;ctx_enc=info:ofi/enc:UTF-8&amp;rfr_id=info:sid/sfxit.com:opac_856&amp;url_ctx_fmt=info:ofi/fmt:kev:mtx:ctx&amp;sfx.ignore_date_threshold=1&amp;rft.object_id=2560000000072773&amp;svc_val_fmt=info:ofi/fmt:kev:mtx:sch_svc&amp;</subfield>
  </datafield>
  <datafield tag="856" ind1="4" ind2="0">
    <subfield code="u">http://sfxeu10.hosted.exlibrisgroup.com/sfxkth?url_ver=Z39.88-2004&amp;ctx_ver=Z39.88-2004&amp;ctx_enc=info:ofi/enc:UTF-8&amp;rfr_id=info:sid/sfxit.com:opac_856&amp;url_ctx_fmt=info:ofi/fmt:kev:mtx:ctx&amp;sfx.ignore_date_threshold=1&amp;rft.object_id=2560000000072773&amp;svc_val_fmt=info:ofi/fmt:kev:mtx:sch_svc&amp;</subfield>
  </datafield>
  <datafield tag="856" ind1="4" ind2="0">
    <subfield code="u">http://sfxeu11.hosted.exlibrisgroup.com/sfxmiu/?url_ver=Z39.88-2004&amp;ctx_ver=Z39.88-2004&amp;ctx_enc=info:ofi/enc:UTF-8&amp;rfr_id=info:sid/sfxit.com:opac_856&amp;url_ctx_fmt=info:ofi/fmt:kev:mtx:ctx&amp;sfx.ignore_date_threshold=1&amp;rft.object_id=2560000000072773&amp;svc_val_fmt=info:ofi/fmt:kev:mtx:sch_svc&amp;</subfield>
  </datafield>
  <datafield tag="856" ind1="4" ind2="0">
    <subfield code="u">https://lt.ltag.bibl.liu.se/login?url=http://www.books24x7.com/marc.asp?bookid=41886</subfield>
  </datafield>
  <datafield tag="942" ind1=" " ind2=" ">
    <subfield code="2">ddc</subfield>
    <subfield code="c">BK</subfield>
  </datafield>
  <datafield tag="999" ind1=" " ind2=" ">
    <subfield code="c">208950</subfield>
    <subfield code="d">208950</subfield>
  </datafield>
  <datafield tag="952" ind1=" " ind2=" ">
    <subfield code="0">0</subfield>
    <subfield code="1">0</subfield>
    <subfield code="2">ddc</subfield>
    <subfield code="4">0</subfield>
    <subfield code="7">0</subfield>
    <subfield code="8">NFIC</subfield>
    <subfield code="a">MCS</subfield>
    <subfield code="b">MCS</subfield>
    <subfield code="d">2016-12-12</subfield>
    <subfield code="l">0</subfield>
    <subfield code="o">621.39</subfield>
    <subfield code="p">MCSEB-1064</subfield>
    <subfield code="r">2016-12-08</subfield>
    <subfield code="w">2016-12-12</subfield>
    <subfield code="y">BK</subfield>
  </datafield>
</record>
